000 00202nam a22000977a 4500
999 _c15798
_d15798
003 OSt
008 191021b ||||| |||| 00| 0 eng d
100 _aUroob
_94296
245 _aMannum pennum
942 _cBK